000 00646nam a2200253Ia 4500
003 OSt
005 20221005040604.0
006 a|||||r|||| 00| 0
007 ta
008 221004b |||||||| |||| 00| 0 urd d
020 _c12
024 _a31305
037 _cTextual
040 _aCRL
_cCRL
_burd
041 _2urd
_aurd
082 _aO168,3NMI,TA, M1
100 _aNaaz Meena Au.
_9177135
245 0 _aTalaq
260 _aDelhi
_bNaaz kitab ghar India
_c1981
300 _a221p.
_ccm.
650 _aURDU FICTION
_93298
942 _hO168,3NMI,TA, M1
_cTEXL
_2cc
999 _c947153
_d947153